What is the biggest city in this area - Statistics

General Stats
  • This quiz has been taken 26 times
  • The average score is 6 of 7
Answer Stats
Picture Hint Answer % Correct
5.6M St petersburg
100%
3.2M Madrid
91%
2.0M Minsk
87%
1.7M Budapest
83%
0.6M Glasgow
83%
2.0M Vienna
83%
0.3M Tampere
43%
No matching quizzes found
Score Distribution
Percent of People with Each Score
Percentile by Number Answered
Your Score History
You have not taken this quiz